Countries Closest To Russia A-Z - Statistics

General Stats
  • This quiz has been taken 142 times
  • The average score is 21 of 24
Answer Stats
Letter Country % Correct
Y Yemen
97%
Q Qatar
96%
C China
95%
J Japan
95%
F Finland
94%
L Latvia | Lithuania
94%
O Oman
94%
E Estonia
93%
K Kazakhstan
93%
N North Korea | Norway
93%
M Mongolia
92%
D Denmark
91%
P Poland
90%
B Belarus
89%
H Hungary
89%
Z Zambia
89%
A Azerbaijan
88%
U Ukraine
87%
T Turkey
86%
G Georgia
85%
R Romania
84%
S Sweden
81%
I Iran
76%
V Vatican City
74%
No matching quizzes found
Score Distribution
Percent of People with Each Score
Percentile by Number Answered
Your Score History
You have not taken this quiz